Флагове на държави, които започват с М - Statistics

General Stats
  • This quiz has been taken 47 times
  • The average score is 14 of 17
Answer Stats
Picture Answer % Correct
Мексико
92%
Мароко
92%
Малайзия
92%
Мозамбик
92%
Мадагаскар
89%
Малта
89%
Монако
89%
Мали
87%
Мавритания
87%
Молдова
87%
Микронезия
84%
Монголия
79%
Малдиви
79%
Мианмар
74%
Маршалови острови
71%
Мавриций
66%
Малави
63%
No matching quizzes found
Score Distribution
Percent of People with Each Score
Percentile by Number Answered
Your Score History
You have not taken this quiz